000 00344nas a2200157 a 4500
001 79124
003 155178
005 20201118111607.0
008 ||||||n9999 ||| || ||
245 0 _aTime - Vol.156 No.26
260 _aEstados Unidos :
562 _e1
773 _021966
_aTime
942 _cSISS
999 _c79124
_d79124